=LDR 00000nam 2200000 4500 =001 INLIS000000001053032 =005 20241023094812 =035 ##$$a 0010-1024000191 =007 ta =008 241023################g##########0#ind## =020 ##$$a 978-979-769-999-4 =082 ##$$a 297.735 =084 ##$$a 297.735 SUP p =100 #$$a Suparta =245 1#$$a Pengantar teori dan aplikasi pengembangan kurikulum PAI /$c Suparta =250 ##$$a Cet. 1 =260 ##$$a Depok :$b Rajawali Press,$c 2016 =300 ##$$a xii, 312 hlm ; $c 21 cm =650 #4$$a Pendidikan Islam =990 ##$$a 24392439